000 01856nam a2200517 i 4500
001 38096
003 KOSZ 005
005 20240405063122.0
008 001010s2000 pl f |000 0 pol d
020 _a8372171000
040 _cKOSZ 005
_aKOSZ 005
_dKOSZ 005/HR
041 0 _apl
_ben
046 _k2000
080 _a664
080 _a504(438)"1989/..."
080 _a621.039.8
080 _a537.5
080 _a539.16
245 0 0 _aSkażenia promieniotwórcze środowiska i żywności w Polsce w 1999 roku =
_bRadioactive contamination of environment and food in Poland in 1999 /
_czespół aut. Dariusz Grabowski [et al. ; Inspekcja Ochrony Środowiska, Państwowa Agencja Atomistyki].
260 _aWarszawa :
_bIOŚ,
_c2000.
300 _a32 s. :
_b1 mapa, wykr. ;
_c24 cm.
336 _2rdacontent
_aTekst
_btxt
337 _2rdamedia
_aBez urządzenia pośredniczącego
_bn
338 _2rdacarrier
_aWolumin
_bnc
380 _aKsiążki
388 _a1901-2000
388 _a1989-2000
490 1 _aBiblioteka Monitoringu Środowiska
500 _aStreszcz. ang.
504 _aBibliogr. s. 32.
648 _a1901-2000
648 _a1989-2000
650 7 _aIzotopy promieniotwórcze
650 7 _aPromieniowanie jonizujące
650 7 _aPromieniotwórczość
650 7 _aPomiary
650 7 _aDegradacja środowiska
650 9 _aŻywność
658 _aOchrona środowiska
700 1 _aGrabowski, Dariusz
_eAutor
710 0 _aPaństwowa Agencja Atomistyki
710 0 _aPaństwowa Inspekcja Ochrony Środowiska
830 _aBiblioteka Monitoringu Środowiska
856 _uhttp://koha.tu.koszalin.pl/cgi-bin/koha/opac-detail.pl?biblionumber=38096
_yKatalog online BPK
942 _cKS
_2UKD
999 _c38096
_d38096